| 000 | 00805pam a2200277 a 4500 | ||
|---|---|---|---|
| 001 | 533715 | ||
| 003 | NUST - PNEC | ||
| 005 | 20170116180904.0 | ||
| 008 | 870901s1988 nyua b 001 0 eng | ||
| 010 | _a 87025308 | ||
| 020 | _a0470209534 | ||
| 020 | _a0852263082 | ||
| 040 |
_aDLC _cLIBRARY _dDLC |
||
| 050 | 0 | 0 |
_aTL573 _b.B59 1988 |
| 082 | 0 | 0 | _a629.1323 BOS |
| 100 | 1 |
_aBose, T. K. _q(Tarit Kumar), _d1939- |
|
| 245 | 1 | 0 |
_aComputational fluid dynamics / _cT.K. Bose. |
| 260 |
_aNew York : _bWiley, _c1988. |
||
| 300 |
_axi, 214 p. : _bill. ; _c25 cm. |
||
| 500 | _aIncludes index. | ||
| 504 | _aBibliography: p. [204]-211. | ||
| 650 | 0 |
_aAerodynamics _xMathematics. _xME |
|
| 650 | 0 |
_aAerodynamics _xData processing. |
|
| 906 |
_a7 _bcbc _corignew _d1 _eocip _f19 _gy-gencatlg |
||
| 942 |
_2ddc _cBK |
||
| 999 |
_c65044 _d65044 |
||